| 000 | 00375nam a2200157Ia 4500 | ||
|---|---|---|---|
| 999 |
_c8297 _d8297 |
||
| 020 | _a9789382059202 | ||
| 082 | _a305.42095417 KUK; | ||
| 100 | _aSitlhou, Hoineilhing | ||
| 245 | 0 | _aKuki women | |
| 260 |
_aNew Delhi _bSynergy Books India _c2014 |
||
| 300 | _axix, 325 | ||
| 650 | _aKUKI WOMEN | ||
| 650 | _aWOMEN///KUKI WOMEN | ||
| 650 | _aTRIBES AND TRIBALS | ||
| 942 | _cBK | ||